00654nam a2200229 a 4500001001300000003000900013005001700022008004100039020000900080082001600089100002800105245002600133260002700159300000900186500003500195650002200230700002800252902000800280942000700288952011400295999001500409nice12345678IN_TiNIC20260116011854.0070309s1350 baga grp 000 0 per  ac5000a340.59bGHA aGharvi, Mohammed Husain aRisahal-Esawal-ojawab aBaghdad bNajaf c1350 a104p aincludes index and biblioraphy aIslamic-Law Shiah1 aGharvi, Mohammed Husain bRHR cBK 001040708ReferHall-aHMIbHMId2007-05-03g50.00l0o340.59 GHAp07749r2007-05-03v50.00w2007-03-09yBK c4606d4606